| 000 | 00501nam a2200157 a 4500 | ||
|---|---|---|---|
| 001 | 000028287 | ||
| 005 | 20200930031517.0 | ||
| 008 | 110407s19uu dr 000 0 spa d | ||
| 040 |
_aDO-SdBNP _bspa _cBNPHU |
||
| 082 |
_axxx _bR426d |
||
| 110 | 1 |
_aRepública Dominicana _bPresidencia de República Dominicana _bConsejo Nacional de Drogas _955283 |
|
| 245 | 1 | 4 | _aLas drogas y sus usuarios. |
| 260 |
_aSanto Domingo : _bConsejo Nacional de Drogas, _c[19--?]. |
||
| 300 |
_a40 p. ; _c22 cm. |
||
| 049 | _aBNPD | ||
| 999 |
_c27779 _d27779 |
||